000
00320nam a2200133Ia 4500
008
231129s1971||||xx |||||||||||||| ||spa||
040
_b
spa
082
_a
930.1 B814
100
_a
Braidwood Robert J.
245
0
_a
El hombre prehistorico
260
_c
1971
264
_a
Fondo de Cultura Economica
942
_2
ddc
_c
BKS
999
_c
11285
_d
11285